Astronomía general /
Guardado en:
| Autor Principal: | |
|---|---|
| Formato: | |
| Materias: | |
| Etiquetas: |
Agregar Etiqueta
Sin Etiquetas, Sea el primero en etiquetar este registro!
|
| LEADER | 01016ngm a22002655g 4500 | ||
|---|---|---|---|
| 001 | CEM.cems021371 | ||
| 008 | 130507b1992##################0###0#####d | ||
| 005 | 20240819181845.0 | ||
| 245 | 1 | 0 | |a Astronomía general / |c José María López. |
| 300 | |a 24 | ||
| 500 | |a En soporte VHS, consultar en ventanilla. | ||
| 505 | 0 | |a Concepciones y conceptos astronómicos. Origen solar y terráqueo. Planetas. Teoría de Ptolomeo. Teoría Nebular y Catastrófica. Teoría de los Planetesimales. Proyecto de exploración más allá de Plutón. | |
| 538 | |a Soporte: VHS - Norma: Pal N - Color - Grabación Drd 1992 - Hitachi:2060 | ||
| 100 | 1 | |a López, José María | |
| 082 | 6 | 2 | |/ WHI |
| 653 | |a ASTRONOMIA | ||
| 653 | |a PLANETAS | ||
| 653 | |a PTOLOMEO | ||
| 653 | |a TEORIAS ASTRONOMICAS | ||
| 653 | |a ORIGEN DEL SOL | ||
| 653 | |a ORIGEN DE LA TIERRA | ||
| 653 | |a EXPLORACION PLANETARIA | ||
| 653 | |a NIVEL PRIMARIO | ||
| 653 | |a NIVEL SECUNDARIO | ||
| 859 | |a CEMS |b BIB. CEMS - Depto. Recursos Didacticos |h 629 |i WHI |k DRD |p 14.12 |t Ej.1 | ||
